| 000 | 00466nam a22001817a 4500 | ||
|---|---|---|---|
| 003 | OSt | ||
| 005 | 20260520105748.0 | ||
| 008 | 260520b |||||||| |||| 00| 0 eng d | ||
| 020 | _a0-393-90010-X | ||
| 040 | _cChuka University Library | ||
| 050 | _aPR 2622 .J66 1968 | ||
| 100 |
_aJohnson Ben _925729 |
||
| 245 |
_aNew Mermaids _bVolpone |
||
| 260 |
_aNew York _bW.W. Norton _c1968 |
||
| 300 | _aVarious Paging | ||
| 650 |
_aLiterature _99422 |
||
| 942 |
_2lcc _cBK _n0 |
||
| 999 |
_c22591 _d22591 |
||